| 000 | 00736nam a2200229 a 4500 | ||
|---|---|---|---|
| 005 | 20241106063714.0 | ||
| 008 | 060726s2000 mx r 000 0 spa d | ||
| 020 | _a9701703898 | ||
| 035 | _aUPN01000145703 | ||
| 049 | _aCG | ||
| 050 | 4 |
_aQA276 _bF7.3 2000 |
|
| 100 | 1 | _aFreund, John E. | |
| 245 | 1 | 0 |
_aEstadística matemática con aplicaciones / _cJohn E. Freund, Irwin Miller, Marylees Miller ; tr. Rosendo José Sánchez Palma. |
| 250 | _a6a ed. | ||
| 260 |
_aMéxico : _bPearson educación, _c2000. |
||
| 300 | _axiv, 624 p. | ||
| 534 |
_pTraducción de: _tMathematical statistics |
||
| 650 | 4 |
_aEstadística matemática _98767 |
|
| 700 | 1 |
_aMiller, Irwin, _ecoaut. |
|
| 700 | 1 |
_aMiller, Marylees, _ecoaut. |
|
| 905 | _aLibro | ||
| 999 |
_c117849 _d117849 |
||